La Bentonita (Record no. 55435)

MARC details
000 -LEADER
campo de control de longitud fija 00675nam a2200193 i 4500
001 - NÚMERO DE CONTROL
campo de control 55435
003 - IDENTIFICADOR DE NÚMERO DE CONTROL
campo de control ES-MaACL
005 - FECHA Y HORA DE LA ÚLTIMA TRANSACCIÓN
campo de control 20230906163138.0
007 - CAMPO FIJO DE DESCRIPCIÓN FÍSICA--INFORMACIÓN GENERAL
campo de control de longitud fija t|
008 - DATOS DE LONGITUD FIJA--INFORMACIÓN GENERAL
campo de control de longitud fija 030919s1952 sp ||||1| spa d
100 1# - ENTRADA PRINCIPAL--NOMBRE DE PERSONA
Nombre de persona Déribéré, Maurice.
9 (RLIN) 43768
245 13 - MENCIÓN DEL TÍTULO
Título La Bentonita
Resto del título : las arcillas coloidales y sus usos /
Mención de responsabilidad, etc. Maurice Déribéré ; traducción del francés por Carlos Velasco y Emilio Sempere.
260 ## - PUBLICACIÓN, DISTRIBUCIÓN, ETC.
Lugar de publicación, distribución, etc. Madrid :
Nombre del editor, distribuidor, etc. Aguilar,
Fecha de publicación, distribución, etc. [1952] (
Fabricante Sánchez Leal)
300 ## - DESCRIPCIÓN FÍSICA
Extensión XIX, 291 p., 1 gráf. pleg. :
Otras características físicas il. ;
Dimensiones 19 cm.
700 1# - ENTRADA AGREGADA--NOMBRE PERSONAL
Nombre de persona Esme, A.
9 (RLIN) 47733
700 1# - ENTRADA AGREGADA--NOMBRE PERSONAL
Nombre de persona Velasco, Carlos.
9 (RLIN) 113711
700 1# - ENTRADA AGREGADA--NOMBRE PERSONAL
Nombre de persona Sempere, Emilio.
9 (RLIN) 105400
852 ## - LOCALIZACIÓN
Ubicación ES-MaACL
Número de control de estantería D-8141
Sublocalización o colección R.32710
Holdings
Estatus retirado Estado de pérdida Estado de daño No para préstamo Biblioteca de origen Biblioteca actual Ubicación en estantería Fecha de adquisición Fuente de adquisición Total de préstamos Signatura topográfica completa Código de barras Visto por última vez Precio de reemplazo Tipo de ítem Koha
        Biblioteca del Ateneo de Madrid Biblioteca del Ateneo de Madrid Sala Valle Inclán 17/01/2008     D-8141 901058243 23/02/2023 23/02/2023 Libro impreso